000 00731nas a2200241 4500
001 BR2013003363
003 BR-BrBNA
005 20231205122237.0
007 ta
008 230509b bl.|||p| |||| 00| 00por d
040 _aBR-BrBNA
_bpor
_cBiblioteca Nacional de Agricultura
041 _a(Pt)
072 _aF04
100 1 _aRodrigues, F.M.
245 1 _aAgricultura moderna: uso de fertilizantes organo-minerais contendo aminoácidos
650 _aAGRICULTURA
650 _aAMINOÁCIDO HETEROCÍCLICO
650 _aFERTILIZANTE
650 _aFUNGICIDA
773 0 _tNosso Alho (Brazil)
_xISSN 2177-2959
_g(Sep 2011), (no. 12) p. 51-53
_wBR2013003363
909 _a202311
_bLúcia
_c55
_dLúcia Elande
942 _2AGRIS
_n0
_cANA
999 _c227652
_d227652